'Do-Re-Mi' Scene from The Sound of Music Quiz Stats

Quiz Updated Feb 26, 2014

Challenge
Share
Tweet
Embed
Score 0/277 Timer 10:00
8 Plays Today
Lyrics/Dialogue % Correct
VOICES BY COLOR:
100%
MARIA
100%
MARIA & CHILDREN
100%
THE CHILDREN
100%
LIESL
100%
FRIEDRICH
100%
LOUISA
100%
KURT
100%
BRIGITTA
100%
MARTA
100%
GRETL
100%
SCENE: On Hillside:
100%
(CHORUS is repeated 2x)
100%
SCENE: On Steps:
100%
(That is REPEATED)
100%
(That is REPEATED)
100%
(They REPEAT both parts)
100%
(They ALL repeat that)
100%
SCENE: On Bicycles:
100%
(CHORUS is sung by all)
100%
SCENE: In Carriage:
100%
SCENES: Carriage, Pool, Garden, Steps
100%
(Various portions repeated...)
100%
(…and finale is 'stepped out'!)
100%
do-
98%
do-
98%
do-
98%
do-
98%
do-
98%
Do
98%
do!,
98%
Do
98%
do,
98%
do!
98%
dDo
98%
do
98%
do
98%
ddo
98%
do
98%
do
98%
do!
98%
Do
98%
do!
98%
Do
98%
do
98%
do!
98%
a
97.2%
A-
97.2%
a
97.2%
a
97.2%
a
97.2%
a
97.2%
a
97.2%
a
97.2%
a
97.2%
a
97.2%
da
97.2%
da
97.2%
fa
96.1%
fa
96.1%
dfa
96.1%
fa
96.1%
fa
96.1%
fa
96.1%
fa
96.1%
fa
96.1%
so
95.4%
So
95.4%
so
95.3%
dso,
95.4%
dso
95.3%
So
95.4%
So
95.3%
dSo
95.3%
so
95.4%
So
95.4%
So
95.4%
So
95.4%
so
95.3%
la
95.1%
La…
95.1%
la
95.1%
la
95.1%
la
95.1%
la
95.1%
la
95.1%
la
95.1%
re-
94.7%
re-
94.7%
re-
94.7%
re-
94.7%
re-
94.7%
re
94.7%
Lyrics/Dialogue % Correct
re
94.7%
dre
94.7%
re…
94.7%
re
94.7%
re
94.7%
re
94.7%
re
94.7%
deer,
94.6%
deer.
94.6%
to
94.3%
to
94.3%
female
94.2%
to
94.3%
to
94.3%
to
94.3%
dto
94.3%
to
94.3%
dI
93.7%
I
93.7%
sun.
92.9%
myself.
92.3%
name
92.1%
B-
91.7%
way
91.3%
golden
91.2%
long,
91.2%
long
91.2%
of
91.1%
mi…
90.9%
mi…
90.9%
mi…
90.9%
mi…
90.9%
mi…
90.9%
mi
90.9%
mi
90.9%
dmi
90.9%
mi
90.9%
mi
90.9%
mi
90.9%
mi
90.9%
mi
90.9%
mi
90.9%
drop
90.1%
Me…
89.9%
run.
89.8%
C…
89.4%
ti…
88.8%
ti
88.8%
ti
88.8%
ti
88.8%
ti
88.8%
ti
88.8%
ti
88.8%
with
88.2%
with:
88.2%
with
88.2%
and
88.1%
dand
88.1%
call
88%
drink
87.4%
needle
87%
thread.
87%
note
86.8%
dnote,
86.8%
Ray…
85.6%
jam
85.4%
follow
85.4%
Tea…
85.1%
back
84.9%
pulling
84.5%
us
84.2%
bread.
84.2%
bring
83.1%
That
82.3%
dthat?
82.3%
Far…
82%
Sew…
81.6%
sew.
81.6%
will
78.4%
the
74.7%
The
74.7%
dthe
74.7%
the
74.7%
Doe…
74.7%
you
72.4%
you
72.4%
you
72.4%
sing,
72.4%
you
72.4%
dyou
72.4%
dyou
72.4%
dsing
72.4%
dyou
72.4%
Lyrics/Dialogue % Correct
you
72.4%
sing,
72.4%
you
72.4%
sing
72.4%
be:
68.9%
When
67.7%
when
67.7%
When
67.7%
begin
64.6%
begin
64.6%
read,
64.1%
dcan
62.1%
dcan
62.1%
dCan
62.1%
can
62.1%
notes
61.7%
dnotes
61.7%
notes
61.7%
start
61.6%
start.
61.6%
Let's
59.7%
dLet's
59.7%
at
58%
very
57.8%
very
57.8%
place
57.6%
good
57.5%
dGood!
57.5%
dall
56.7%
beginning,
56.6%
know
54.9%
danything!
53.1%
anything!...
53.1%
first
52.4%
three
51.7%
just
51.4%
most
51.4%
dit
49.6%
dit
49.6%
dit
49.6%
happen
48.6%
dwe
44.5%
dwe
44.5%
don,
43%
dsee
42.8%
dif
42.6%
dOh,
41.1%
oh,
41.1%
oh,
41.1%
oh,
41.1%
dsong.
40.7%
dNow,
39.4%
dNow,
39.4%
dmake
38.9%
deasier…
33.7%
dthis:
32.8%
dthis:
32.8%
din
32.7%
din
32.7%
dword
31.3%
dfor
31.2%
dare
31.1%
dtogether!
30.4%
dTogether!
30.4%
dput
28.8%
dput
28.8%
done
28.6%
dwords -
27.6%
dlike
26.5%
dlike
26.5%
devery
26.4%
dBut
23.6%
dhave
22.3%
dchildren:
21.6%
dmean
20.4%
ddoesn't
20%
duse
19.9%
donly
19.2%
dyour
19.1%
dthem
18.9%
dup,
17.7%
dthese
17.6%
ddifferent
16%
dOnce
15.7%
dbuild
15.4%
dtools
14.9%
dby
14.7%
dhead,
13.8%
dtunes
13.2%
dmillion
13.1%
dmixing
11.8%

You're not logged in!

Compare scores with friends on all Sporcle quizzes.
Join for Free
OR
Log In

You Might Also Like...

Show Comments

Extras

Top Quizzes Today


Score Distribution

Your Account Isn't Verified!

In order to create a playlist on Sporcle, you need to verify the email address you used during registration. Go to your Sporcle Settings to finish the process.

Report this User

Report this user for behavior that violates our Community Guidelines.

Details: